LEADER 01256nam a2200265 i 4500 001 000000013001 003 CaOOAMICUS 005 20250612113836.0 008 180830s1970 it u000 u ita u 040 $aSeMil$bita 100 0 $aPlato,$d<427-347 a.C.>.$0(OLS)http://semarc/name/5353 245 10$aDialoghi politici e Lettere /$cdi Platone ; a cura di Francesco Adorno. 250 $a2. ed. accresciuta 264 1$a[Torino] :$bUnione Tipografico-Editrice Torinese,$c1970. 300 $a2 v. ;$c24 cm. 490 1 $aClassici della politica 700 1 $aAdorno, Francesco,$d<1921-2010>.$0(OLS)http://semarc/name/5543 774 0 $aPlato <427-347 a.C.>$t1: Repubblica, Timeo, Crizia, Politico.$dTorino : Unione Tipografico-Editrice, 1970.$w()135152 774 0 $aPlato <427-347 a.C.>$t2: Le leggi, Epinomide, Minosse, Clitofonte, Menesseno, Lettere.$dTorino : Unione Tipografico-Editrice, 1970.$w()135154 830 0$aClassici della politica .$0(OLS)http://semarc/title/7397 900 0 $aPlatone. 996 $6245$aDialoghi politici e Lettere$9(OLS)http://semarc/title/17323 996 $6264$a[Torino] :$bUnione Tipografico-Editrice Torinese$9(OLS)http://semarc/publisher/29887 LEADER 00875nam a2200205 i 4500 001 000000089936 003 CaOOAMICUS 005 20161223000000.0 008 161223s1872 it u000 u ita u 013 $a62178 040 $aSeMil$bita 100 1 $aCurti, Pier Ambrogio <1819-1899>.$0(OLS)http://semarc/name/89480 245 13$aIl lago di Como e il pian d'Erba :$bescursioni autunnali /$cP. A. Curti. 260 $aMilano :$bGaetano Brigola,$c1872. 300 $a351 p., [18] c. di tav. ;$c19 cm. 650 4$aLago di Como - Descrizioni e viaggi.$0(OLS)http://semarc/subject/28550 850 $aSeMil 852 $aSeMil$W1$xVenegono$y1$m3P I 23 FA$j52982$B52982$CSeMilBibl$Z2$F57537 $8I 996 $6245$aIl lago di Como e il pian d'Erba :$bescursioni autunnali$9(OLS)http://semarc/title/406017 996 $6260$aMilano :$bGaetano Brigola$9(OLS)http://semarc/publisher/36149